Liberia Trivia Quiz - Statistieken

Algemene statistieken
  • Deze quiz is 245 keer genomen
  • De gemiddelde score is 9 van 14
Antwoordstatistieken
Hint Antwoord % Correct
Officiële taal Engels
95%
Aangrenzende landen Sierra Leone
92%
Volgens de wet mag een Liberiaanse man wel vier ____ hebben Vrouwen
90%
Aangrenzende landen Ivoorkust
89%
Aangrenzende landen Guinee
88%
Liberia is opgericht als een plek voor bevrijde Amerikaanse ___ Slaven
88%
Valuta van Liberia Dollar
83%
Hoofdstad Monrovia
82%
Amerikaanse president waar de hoofdstad naar vernoemd is James Monroe
64%
Voetballer die in 1995 de Ballon d'Or won en in 2018 tot president werd gekozen George Weah
49%
Boomproduct dat goed is voor 11% van de export van Liberia Rubber
48%
Als populaire ‘goedkope vlag’ heeft Liberia technisch gezien het op een na hoogste _____ ter wereld {Scheeps}tonnage
26%
Brute krijgsheer die in 2012 in Den Haag is veroordeeld voor misdaden tegen de mensheid Charles Taylor
25%
Historische naam voor Liberia {Peper}kust
23%
Geen overeenkomende quizzen gevonden
Scoreverdeling
Procent van Mensen met Elke Score
Percentiel versus Aantal Correcte Antwoorden
Uw Scoregeschiedenis
U heeft deze quiz nog niet genomen